000 00611nmm a2200229 a 4500
003 AR-BaBNM
005 20251128210953.0
008 015020s1995 ||||||||||||||000 | spa||
020 _a987-9072-02-2
040 _cAR-BaBNM
100 1 _aAlsina Catalá, Claudi
245 1 0 _aUna matemática feliz
_by otras conferencias
260 _aBuenos Aires
_bRed Olímpica
_c1995
300 0 _a92 p.
650 4 _aENSENANZA DE LAS MATEMATICAS
650 4 _aPROFESORES DE MATEMATICAS
650 4 _aGEOMETRIA
650 4 _aCONCEPTOS MATEMATICOS
650 4 _aCONFERENCIAS
942 _cBK
998 _cme-solo cat
999 _c17693
_d17693